Introductory mathematical analysis for business, economics, and the life and social sciences. (Record no. 14318)

MARC details
000 -LEADER
fixed length control field 01264cam a2200349 a 4500
001 - CONTROL NUMBER
control field 14607242
003 - CONTROL NUMBER IDENTIFIER
control field mut
005 - DATE AND TIME OF LATEST TRANSACTION
control field 20240606081310.0
008 - FIXED-LENGTH DATA ELEMENTS--GENERAL INFORMATION
fixed length control field 061024s2008 njua 001 0 eng
010 ## - LIBRARY OF CONGRESS CONTROL NUMBER
LC control number 2006048813
020 ## - INTERNATIONAL STANDARD BOOK NUMBER
International Standard Book Number 9780132404228
020 ## - INTERNATIONAL STANDARD BOOK NUMBER
International Standard Book Number 0132404222
035 ## - SYSTEM CONTROL NUMBER
System control number (OCoLC)ocm74649159
040 ## - CATALOGING SOURCE
Original cataloging agency DLC
Transcribing agency mut
Modifying agency YDX
-- BAKER
-- BTCTA
-- YDXCP
-- TVG
-- DLC
050 00 - LIBRARY OF CONGRESS CALL NUMBER
Classification number QA300
Item number .H32 2008
082 00 - DEWEY DECIMAL CLASSIFICATION NUMBER
Classification number 515
Edition information 22
100 1# - MAIN ENTRY--PERSONAL NAME
Personal name Haeussler, Ernest F.
245 10 - TITLE STATEMENT
Title Introductory mathematical analysis for business, economics, and the life and social sciences.
246 30 - VARYING FORM OF TITLE
Title proper/short title Introductory mathematical analysis
250 ## - EDITION STATEMENT
Edition statement 12th ed. /
Remainder of edition statement Ernest F. Haeussler, Jr., Richard S. Paul, Richard J. Wood.
260 ## - PUBLICATION, DISTRIBUTION, ETC.
Place of publication, distribution, etc. Upper Saddle River, NJ :
Name of publisher, distributor, etc. Pearson Prentice Hall,
Date of publication, distribution, etc. c2008.
300 ## - PHYSICAL DESCRIPTION
Extent xvii, 822, [56] p. :
Other physical details ill. ;
Dimensions 29 cm.
500 ## - GENERAL NOTE
General note Includes index.
650 #0 - SUBJECT ADDED ENTRY--TOPICAL TERM
Topical term or geographic name entry element Mathematical analysis.
650 #0 - SUBJECT ADDED ENTRY--TOPICAL TERM
Topical term or geographic name entry element Economics, Mathematical.
650 #0 - SUBJECT ADDED ENTRY--TOPICAL TERM
Topical term or geographic name entry element Business mathematics.
700 1# - ADDED ENTRY--PERSONAL NAME
Personal name Paul, Richard S.
700 1# - ADDED ENTRY--PERSONAL NAME
Personal name Wood, R. J.
906 ## - LOCAL DATA ELEMENT F, LDF (RLIN)
a 7
b cbc
c orignew
d 1
e ocip
f 20
g y-gencatlg
942 ## - ADDED ENTRY ELEMENTS (KOHA)
Source of classification or shelving scheme Library of Congress Classification
Koha item type Books
Holdings
Withdrawn status Lost status Source of classification or shelving scheme Damaged status Not for loan Home library Current library Shelving location Date acquired Source of acquisition Total checkouts Full call number Barcode Date last seen Date last checked out Price effective from Koha item type
    Library of Congress Classification     Murang'a University of Technology Library Murang'a University of Technology Library General stacks 11/11/2017 Donation-TFC 2 QA300 .H32 2008 016658 29/07/2021 15/07/2021 11/11/2017 Books
    Library of Congress Classification     Murang'a University of Technology Library Murang'a University of Technology Library General stacks 01/12/2017 Donation-TFC   QA300 .H32 2008 017345 30/08/2024   01/12/2017 Books
    Library of Congress Classification     Murang'a University of Technology Library Murang'a University of Technology Library General stacks 01/02/2018 Donation-TFC   QA300 .H32 2008 018473 30/08/2024   01/02/2018 Books
    Library of Congress Classification     Murang'a University of Technology Library Murang'a University of Technology Library General stacks 09/07/2019 Donation-TFC 1 QA300 .H32 2008 027096 30/08/2024 23/11/2023 09/07/2019 Books